000 00672nam a22002297a 4500
005 20170124110006.0
010 _aA-285112
020 _c85.00
035 _aA-285112
037 _bCen Lib/Ret
040 _aDPL
_bEN
082 _a351.5
_bSIN
100 _aSingh, G.B
_980315
245 _aG.B. Singh's digest of important case law on service matters /
_cby G.B. Singh
260 _aNew Delhi
_bService Rules Land Law Publications
_c110027
270 _bNew Delhi
_aRajouri Garden
_e226001
300 _axvi, 352p.
_c19cm(Hb)
500 _aIncludes index
650 _aLaw
_9104
650 _aCase
_xlaw
_980316
942 _2ddc
_cEN
_h351.5
_mSIN
999 _c126219
_d126219